Remington's Pharmaceutical Sciences /
Contents of this book include: Orientation; Pharmaceutics; harmaceutical Chemistry; Testing and analysis; Radioisotopes in pharmacy and medicine; Phrmaceutical and medicical Agents; Biological products and Pharmaceutical practice.
में बचाया:
| स्वरूप: | पुस्तक |
|---|---|
| भाषा: | English |
| प्रकाशित: |
USA :
Nack,
1990.
|
| विषय: | |
| टैग : |
टैग जोड़ें
कोई टैग नहीं, इस रिकॉर्ड को टैग करने वाले पहले व्यक्ति बनें!
|
| Thư viện lưu trữ: | Mạng thư viện Đại học Đà Nẵng |
|---|
| LEADER | 01032cam a2200325 i 4500 | ||
|---|---|---|---|
| 001 | 000043061 | ||
| 003 | 936 | ||
| 005 | 20030218152250.0 | ||
| 008 | 010217|1990 vm 000 eng | ||
| 020 | |a 0912734043 | ||
| 022 | |a T | ||
| 040 | |a IRC |c IRC |d IRC | ||
| 041 | 0 | |a eng | |
| 082 | 1 | 4 | |a 615.11 |b Re-P |
| 245 | 0 | 0 | |a Remington's Pharmaceutical Sciences / |c John E Hoover, Bonnie Brighamm Packer, Allen Misher. |
| 260 | |a USA : |b Nack, |c 1990. | ||
| 300 | |a 2000p. ; |c 30cm. | ||
| 520 | 3 | |a Contents of this book include: Orientation; Pharmaceutics; harmaceutical Chemistry; Testing and analysis; Radioisotopes in pharmacy and medicine; Phrmaceutical and medicical Agents; Biological products and Pharmaceutical practice. | |
| 630 | 0 | 4 | |a Pharmaceutics. |
| 650 | 0 | 4 | |a Pharmaceutical Sciences. |
| OWN | |a DUT | ||
| 999 | |a From the UDN01 | ||
| TYP | |a Monograph | ||
| TYP | |a Printed language | ||
| 980 | |a Mạng thư viện Đại học Đà Nẵng | ||


